000 01895nam0a2200337 4500
001 RU\NLR\bibl\1254020
005 20260607065902.0
010 _a978-5-93439-255-1
_91000
021 _aRU
_b2008-41350
_92285
035 _a(NLR Aleph) 001240079
090 _a253220
_c253220
100 _a20080718d2008 |||y0rusy50 ca
101 0 _arus
102 _aRU
105 _ay |||||||||
200 1 _aПенсионный кодекс Российской Федерации. Проект
_fЗахаров М. Л., Тучкова Э. Г., Савостьянова В. Б.
_gНезависимый экспертно-правовой совет
210 _aМосква
_cР. Валент
_d2008
215 _a175 с.
_d21
604 _171001$aРоссийская Федерация
_150011$aПенсионный кодекс$xПроект$2nlr_sh2$3RU\NLR\AUTH\661498741
_3RU\NLR\AUTH\661498741
_aРоссийская Федерация
_tПенсионный кодекс
_xПроект
_92530240
604 _171001$aРоссийская Федерация. Законы
_150011$aПенсионный фонд Российской Федерации$2psbo
_aРоссийская Федерация. Законы
_tПенсионный фонд Российской Федерации
686 _aХ627.6-324.9(2Р)
700 1 _4340
_7ca
_8rus
_aЗахаров
_bМ. Л.
_cд-р юрид. наук
_f1926-
_gМихаил Львович
_953276
_3RU\NLR\AUTH\7770348
701 1 _4070
_7ca
_8rus
_aТучкова
_bЭ. Г.
_gЭльвира Галимовна
_9124165
_3RU\NLR\auth\7714493
701 1 _aСавостьянова
_bВ. Б.
_gВалентина Борисовна
_4070
801 0 _aRU
_bNLR
_c20080718
_gRCR
801 1 _aRU
_bNLR
_c20080718
830 _aАвт. по ЭК.
942 _cBOOK
980 _aNB